Traduction de vocabulaire anglais de difficulté croissante - Statistiques

Statistiques générales
  • Ce quiz a été pris 620 fois
  • Le résultat moyen est 56 sur 77
Statistiques - réponses
% Français Anglais % Correct
97 Être (v.) B{e}
100%
96 Ami (n.) F{riend}
99%
94 Trois (n.) T{hree}
99%
93 Fleur (n.) F{lower}
98%
95 Cheveux (n.) H{air}
98%
92 Juillet (n.) J{uly}
98%
89 Sud (n.) S{outh}
98%
90 Enseigner (v.) T{each}
98%
91 Doigt (n.) F{inger}
97%
83 Mur (n.) W{all}
96%
87 Parfois (adv.) S{ometimes}
95%
88 Jumeau (n.) T{win}
95%
84 Plein (adj.) F{ull}
94%
85 Crayon (n.) P{encil}
94%
80 Treize (n.) T{hirteen}
94%
78 Vent (n.) W{ind}
94%
81 Espérer (v.) H{ope}
93%
72 Siècle (n.) C{entury}
92%
79 Seigneur (n.) L{ord}
92%
73 Epice (n.) S{pice}
92%
76 Brun (adj.) B{rown}
91%
82 Peau (n.) S{kin}
91%
86 Commencer (v.) S{tart}
91%
74 Champignon (n.) M{ushroom}
90%
77 Mélanger (v.) M{ix}
89%
71 Espion (n.) S{py}
89%
75 Camion (n.) T{ruck}
89%
70 Saucisse (n.) S{ausage}
88%
67 Citoyen (n.) C{itizen}
86%
65 Pieuvre (n.) O{ctopus}
85%
69 Cravate (n.) T{ie}
85%
64 Bijou (n.) J{ewel}
83%
63 Chaton (n.) K{itten}
82%
66 Ombre (n.) S{hadow}
82%
68 Léger (adj.) L{ight}
81%
60 Chute d'eau (n.) W{aterfall}
81%
52 Epinard (n.) S{pinach}
78%
62 Ceinture (n.) B{elt}
77%
50 Colline (n.) H{ill}
77%
51 Encre (n.) I{nk}
77%
53 Hibou (n.) O{wl}
77%
55 Usine (n.) F{actory}
76%
56 Respirer (v.) B{reathe}
75%
61 Sieste (n.) N{ap}
75%
57 Fusée (n.) R{ocket}
75%
58 Chemise (n.) S{hirt}
75%
48 Ciseaux (n.) S{cissors}
74%
54 Rugir (v.) R{oar}
72%
47 Moto (n.) M{otorbike}
70%
46 Lézard (n.) L{izard}
69%
49 Hauteur (n.) H{eight}
68%
42 Agneau (n.) L{amb}
66%
43 Raton laveur (n.) R{accoon}
65%
45 Oser (v.) D{are}
64%
44 Poumon (n.) L{ung}
62%
40 Siffler (v.) W{histle}
62%
41 Pouce (n.) T{humb}
60%
37 Prêtre (n.) P{riest}
59%
35 Gratte-ciel (n.) S{kyscraper}
58%
32 Etroit (adj.) N{arrow}
57%
39 Goutte (n.) D{rop}
54%
29 Profondeur (n.) D{epth}
52%
28 Aurore (n.) D{awn}
50%
34 Falaise (n.) C{liff}
49%
38 Arroser (v.) W{ater}
48%
30 Amer (adj.) B{itter}
47%
26 Cuivre (n.) C{opper}
47%
24 Cheminée (n.) C{himney}
45%
36 Ficelle (n.) S{tring}
40%
23 Tournevis (n.) S{crewdriver}
39%
31 Balançoire (n.) S{wing}
39%
19 Montgolfière (n.) H{ot} {air} {balloon}
33%
15 Crépuscule (n.) D{usk}
28%
20 Couvercle (n.) L{id}
28%
13 Grue (n.) C{rane}
24%
14 Bélier (n.) R{am}
24%
22 Pantoufle (n.) S{lipper}
23%
Aucun quiz correspondant
Distribution des résultats
% des personnes avec chaque résultat
Percentile par nombre de réponses
Votre historique - résultats
Vous n’avez pas pris ce quiz